| 000 | 00767nam a22002057a 4500 | ||
|---|---|---|---|
| 003 | BD-DhUL | ||
| 005 | 20160829113313.0 | ||
| 008 | 160829s2009 i a|||| |||| 00| 0db d | ||
| 040 |
_cBD-DhUL _dBD-DhUL |
||
| 082 |
_a920 _bDAD |
||
| 100 | 1 | 0 | _aদাশ, জীবনানন্দ |
| 245 |
_aদিনলিপি : _bলিটারারি নোটস : খণ্ড : ৩ / |
||
| 260 |
_aকলিকাতা : _bপ্রতিক্ষণ , _c২০০৯ । |
||
| 300 |
_aখণ্ড : ৩ : _bচিত্র ; _c২০ সেমি. । |
||
| 365 |
_aIRS _b600.00 |
||
| 504 | _aগ্রন্থপঞ্জিগত তথ্য সংবলিত । | ||
| 650 | _aদিনলিপি | ||
| 650 | _aDinalipi | ||
| 942 |
_2ddc _cBK |
||
| 999 |
_c102201 _d102201 |
||